LEADER 00671nam a2200193 i 4500 001 000000254446 003 CaOOAMICUS 005 20170606000000.0 008 170606s1836 xx u000 u fre u 013 $a233351 040 $aSeMil$bita 245 10$aTome 6. 300 $a419 p. 773 0 $aCapefigue, Jean Baptiste Honoré Raymond <1801-1872>$tRichelieu, Mazarin, la fronde et le règne de Louis 14..$dBruxelles : Hauman & C., 1835-1836.$g6$w()33743 850 $aSeMil 852 $aSeMil$W1$xVenegono$y1$m3V I 208 FA$j204792$B204792$CSeMilBibl$Z2$F218323 $8I 941 1 $a10 961 $aRecupero: Mantegazza 996 $6245$aTome 6$9(OLS)http://semarc/title/1601 LEADER 00963nam a2200265 i 4500 001 000000069169 003 CaOOAMICUS 005 20050714000000.0 008 050714s1985 it u000 u ita u 013 $a40341 040 $aSeMil$bita 100 1 $aMartinetti, Piero,$d<1871-1943>.$0(OLS)http://semarc/name/4975 245 10$aHegel /$cPiero Martinetti. 260 $aMilano :$bCELUC,$cCopyr. 1985. 300 $a254 p. ;$c21 cm. 490 0 $aLa terra di Musikano ;$v4 500 $aFondo Ciprandi. 600 14$aHegel, Georg Wilhelm Friedrich <1770-1831>.$0(OLS)http://semarc/subject/3904 830 3$aLa terra di Musikano ;$v4.$0(OLS)http://semarc/title/18460 850 $aSeMil 852 $aSeMil$W1$xVenegono$y1$m2R II 180$j35322$B35322$CSeMilBibl$Z2$F35325 $81 941 1 $a1 961 $aOmaggio: Ciprandi dott. Paolo 996 $6245$aHegel$9(OLS)http://semarc/title/99365 996 $6260$aMilano :$bCELUC$9(OLS)http://semarc/publisher/31400